000 00643nam a2200301Ia 4500
005 20260401122419.0
008 008 250103s9999 xx 000 0 eng d
020 _a9780472064687
037 _aTB
040 _aEDL
040 _beng
040 _cEDL
041 _2eng
041 _aeng
084 _a813 LAM
084 _qEDL
100 _aLamming, George
_91233538
245 0 _aIn the Castle of my Skin
245 0 _cLamming, George
260 _aUSA
260 _bMichigan Press
260 _c1991
300 _a303p
942 _cTB
942 _h813 LAM
999 _c1847109
_d1847109